000 00923cab a2200253 4500
001 WB2640-36
008 090401t1990 xxu||||| |||| 00| 0 eng d
035 _a(Sirsi) u18006
041 _aeng
245 _aNew compaign to boost private renting
260 _c1990
350 _a0
490 _aDoE News Release
_vno 542 9 Oct 1990 4 pages
520 _a"Now its worthwhile being a landlord - a simple guide for new landlords" available free of charge from DOE/ Room N11/11, 2 Marsham St. London SWIP 3EB is published as part of a DoE campaign to promote the idea of the private landlord as part of government policy to improve the homelessness problem.
650 _aCOMPENSATION
650 _aHOUSING ACT 1988
650 _aHOUSING
650 _aOVER THE SHOP
650 _aPRIVATE RENTED SECTOR
650 _aRENT CONTROL
690 _aPROPERTY-LANDLORD AND TENANT
942 _n0
948 _c04/03/1997
999 _c11939
_d11939